[Event "XX Feria de las Flores 2013"]
[Site "Medellin COL"]
[Date "2013.08.06"]
[Round "6.16"]
[White "Dominguez,Mi"]
[Black "Martinez,Jor"]
[Result "0-1"]
[WhiteElo "2032"]
[BlackElo "2176"]

1.e4 c5 2.c3 Nf6 3.e5 Nd5 4.d4 cxd4 5.Nf3 Nc6 6.Bc4 Nb6 7.Bb3 dxc3 8.Nxc3 d6
9.exd6 exd6 10.Ng5 Ne5 11.f4 h6 12.fxe5 hxg5 13.O-O d5 14.Nxd5 Be6 15.Ba4+ Nxa4
16.Qxa4+ Bd7 17.Qc4 Bc6 18.Rd1 Bxd5 19.Qxd5 Qb6+ 20.Kh1 Be7 21.Qd7+ Kf8 22.Qf5 Qh6
23.h3 Qh5 24.Rd7 g4 25.Qxh5 Rxh5 26.Rxb7 gxh3 27.Bf4 hxg2+ 28.Kxg2 Bc5 29.Rd1 Rf5
30.Bg3 g6 31.Rdd7 Re8 32.b4 Be3 33.Rd3 Bf4 34.Rf3 g5 35.Bxf4 gxf4 36.Rxa7 Rexe5
37.Kh3 Re1 38.Ra5 Rf6 39.Kg2 Ke7 40.Kf2 Rb1 41.Ra7+ Kf8 42.Rb3 Rh1 43.b5 Rh2+
44.Kf3 Rh3+ 45.Kg2 Re3 46.Ra8+ Kg7 47.Ra4 f3+ 48.Kf1 Re5 49.Rg4+ Kf8 50.Kf2 Re2+
51.Kf1 Rh2 52.Rb1 f2 53.Rd1 Rh1+  0-1

[Event "XX Feria de las Flores 2013"]
[Site "Medellin COL"]
[Date "2013.08.07"]
[Round "8.30"]
[White "Munoz Monroy,C"]
[Black "Osorio,Alejandro"]
[Result "0-1"]
[WhiteElo "1871"]
[BlackElo "1970"]

1.e4 c5 2.c3 Nf6 3.e5 Nd5 4.d4 cxd4 5.cxd4 Nc6 6.Nf3 d6 7.Bb5 Qa5+ 8.Nc3 Nxc3
9.Bxc6+ bxc6 10.bxc3 Qxc3+ 11.Bd2 Qd3 12.Rc1 Ba6 13.Rc3 Qb5 14.Re3 e6 15.a4 Qd5
16.Bc3 Be7 17.Qc2 Rb8 18.Kd2 O-O 19.h4 Qb3 20.Ng5 Qxc2+ 21.Kxc2 Bc4 22.Reh3 Bd5
23.f3 dxe5 24.dxe5 Bb3+ 25.Kd2 Rfd8+ 26.Ke3 Bxa4 27.Ra1 Bb5  0-1

[Event "XX Feria de las Flores 2013"]
[Site "Medellin COL"]
[Date "2013.08.07"]
[Round "9.32"]
[White "Cadavid,Juan Miguel"]
[Black "Andrade Truyol,Geiner Jose"]
[Result "1-0"]
[WhiteElo "1876"]
[BlackElo "2027"]

1.e4 c5 2.c3 Nf6 3.e5 Nd5 4.d4 cxd4 5.Nf3 Nc6 6.cxd4 e6 7.Bc4 Nb6 8.Bb3 d6
9.O-O Bd7 10.Qe2 d5 11.Nc3 a6 12.Be3 Rc8 13.Rac1 h6 14.Nd2 g6 15.Bc2 h5 16.Bb1 Na7
17.Qf3 Nb5 18.Qg3 Nxc3 19.Rxc3 Rxc3 20.bxc3 Bb5 21.Re1 Be7 22.Nf3 Qc8 23.Ng5 Rg8
24.Qf3 Bxg5 25.Bxg5 Nd7 26.c4 Nxe5 27.dxe5 Bxc4 28.Qa3 Qc7 29.Bd3 Bxd3 30.Qxd3 Kd7
31.Qf3 Ke8 32.Rc1 Qxe5 33.Bf6  1-0

[Event "100th ch-GBR 2013"]
[Site "Torquay ENG"]
[Date "2013.08.07"]
[Round "9.53"]
[White "Brusey,A"]
[Black "Bonafont,P"]
[Result "0-1"]
[WhiteElo "2020"]
[BlackElo "2084"]

1.e4 c5 2.c3 Nf6 3.e5 Nd5 4.Bc4 Qc7 5.Nf3 Nb6 6.Bb3 Nc6 7.Qe2 d5 8.exd6 Qxd6
9.O-O Bf5 10.d4 cxd4 11.cxd4 e6 12.Nc3 Be7 13.Be3 O-O 14.Rad1 Rad8 15.d5 Nxd5
16.Nxd5 exd5 17.Rxd5 Qg6 18.Nh4 Bxh4 19.Rfd1 Be4  0-1

[Event "XI Miguel Najdorf Open A 2013"]
[Site "Warsaw POL"]
[Date "2013.08.07"]
[Round "3.15"]
[White "Szumilas,Pi"]
[Black "Nowak,L2"]
[Result "1-0"]
[WhiteElo "2195"]
[BlackElo "1994"]

1.e4 c5 2.c3 Nf6 3.e5 Nd5 4.Nf3 Nc6 5.Bc4 Nb6 6.Bb3 c4 7.Bc2 d6 8.exd6 e5
9.O-O Be6 10.Re1 Bxd6 11.d3 cxd3 12.Qxd3 h6 13.Bb3 Bxb3 14.axb3 O-O 15.Be3 Bc7
16.Qc2 f5 17.Bc5 Rf7 18.Na3 Nd7 19.b4 Nxc5 20.bxc5 e4 21.Nd2 Ne5 22.b4 Qg5
23.Nb5 Rd8 24.Nd4 Rfd7 25.Rf1 Ng4 26.h3 e3 27.N2f3 exf2+ 28.Rxf2 Qf4 29.hxg4 fxg4
30.Ne6 Qe3 31.Re1 Rd1 32.Rxd1 Rxd1+ 33.Qxd1 Bg3 34.Qe2 Bxf2+ 35.Qxf2 Qxe6
36.Nd4 Qe4 37.Qe2 Qb1+ 38.Kh2 Qc1 39.Qe8+ Kh7 40.Qe4+ Kg8 41.Ne6 h5 42.Qe5 Qh6
43.Ng5  1-0

[Event "16th Olomouc GM Valoz Cup"]
[Site "Olomouc CZE"]
[Date "2013.08.08"]
[Round "9.3"]
[White "Cerveny,P"]
[Black "Bures,J"]
[Result "1-0"]
[WhiteElo "2285"]
[BlackElo "2379"]

1.e4 c5 2.c3 Nf6 3.e5 Nd5 4.Nf3 e6 5.d4 cxd4 6.cxd4 d6 7.Bc4 Nb6 8.Bd3 dxe5
9.dxe5 Na6 10.O-O Be7 11.Nc3 Bd7 12.Nd4 O-O 13.Qg4 g6 14.Bh6 Re8 15.Rac1 Nb4
16.Bb1 Rc8 17.Rfe1 N6d5 18.Ne4 Rxc1 19.Bxc1 Nxa2 20.Bd2 Nab4 21.h4 h5 22.Qh3 Kg7
23.Ng5 Bxg5 24.Bxg5 Qb6 25.Re4 Nc6 26.Nb3 Qc7 27.Qg3 Rc8 28.Nd2 b5 29.Nf1 Be8
30.Bd3 Nce7 31.Ne3 Qc1+ 32.Kh2 Qxb2 33.Qf3 Ng8 34.g4 Nxe3 35.Qxe3 Rc3 36.Rd4 hxg4
37.h5 Rxd3 38.Rxd3 Bc6 39.Rd6 Bd5 40.h6+ Kh8  1-0

[Event "Stockholm Open 2013"]
[Site "Stockholm SWE"]
[Date "2013.08.08"]
[Round "6.5"]
[White "Evertsson,R"]
[Black "Jansson,A"]
[Result "0-1"]
[WhiteElo "1983"]
[BlackElo "2116"]

1.e4 c5 2.c3 Nf6 3.e5 Nd5 4.d4 cxd4 5.cxd4 Nc6 6.Nc3 Nxc3 7.bxc3 d5 8.Bd3 e6
9.f4 Bd7 10.Nf3 Na5 11.O-O Rc8 12.Ng5 Be7 13.Nxh7 Rxc3 14.Rf3 Qb6 15.Rb1 Qxd4+
16.Kh1 Rxh7 17.Bb2 Rxd3 18.Bxd4 Rxd1+ 19.Rxd1 b6 20.Rc1 Nc4 21.Bc3 Bc5 22.Rb1 Ba4
23.Re1 Bc2 24.Rc1 Be4 25.Rg3 Bf2 26.Rg4 Bf5 27.Rg5 Bh4 28.Rxf5 exf5 29.Rd1 Rh6
30.Rxd5 Rc6 31.g3 Be7 32.Rd3 Rc7 33.e6 fxe6 34.Bxg7 Kf7 35.Bc3 Bf6 36.Bb4 a5
37.Be1 Ke7 38.Kg2 Rd7 39.Rb3 Rd1 40.Bf2 Rd2 41.Kf3 Rxa2  0-1

[Event "XI Miguel Najdorf Open A 2013"]
[Site "Warsaw POL"]
[Date "2013.08.08"]
[Round "4.16"]
[White "Liberadzki,S"]
[Black "Maciaga,M"]
[Result "1-0"]
[WhiteElo "2088"]
[BlackElo "2220"]

1.e4 c5 2.c3 Nf6 3.e5 Nd5 4.d4 cxd4 5.Nf3 d6 6.exd6 Qxd6 7.cxd4 Nc6 8.Nc3 Bg4
9.Be2 e6 10.O-O Be7 11.h3 Bh5 12.Qb3 Bxf3 13.Bxf3 Nxd4 14.Qa4+ Nc6 15.Nxd5 exd5
16.Bf4 Qb4 17.Qxb4 Nxb4 18.Rfd1 Rc8 19.a3 Nc6 20.Bxd5 O-O 21.Rac1 Bf6 22.Bxc6 bxc6
23.Rc2 Rfe8 24.b4 Re4 25.Be3 h6 26.Rc5 Be7 27.Ra5 c5 28.bxc5 Rc7 29.Rc1 Bg5
30.Bxg5 hxg5 31.c6 Re6 32.Rac5 Kf8 33.Kh2 f6 34.Kg3 Rd6 35.R1c3 Ke7 36.Re3+ Re6
37.Rxe6+ Kxe6 38.Ra5 Kd6 39.Ra6 Kc5 40.a4 Kd5 41.Kg4 g6 42.f4 gxf4 43.Kxf4 Kd6
44.g4 Ke6 45.h4 Kf7 46.h5 gxh5 47.gxh5 Re7 48.Ra5 Rc7 49.Rc5 Ke6 50.h6 Kd6
51.Rc1 a5 52.Kf5 Ke7 53.Kg6 Kd6 54.h7  1-0

[Event "11th Davos Holiday Open 2013"]
[Site "Davos SUI"]
[Date "2013.08.09"]
[Round "4.4"]
[White "Boschetti,C"]
[Black "Dell'ambrogio,Edy"]
[Result "1-0"]
[WhiteElo "2148"]
[BlackElo "2045"]

1.e4 c5 2.c3 Nf6 3.e5 Nd5 4.d4 cxd4 5.Nf3 Nc6 6.cxd4 d6 7.Bc4 Nb6 8.Bb5 a6
9.Bxc6+ bxc6 10.Nc3 g6 11.Bf4 Bg7 12.exd6 exd6 13.Ne4 O-O 14.O-O Bg4 15.Rc1 Nd5
16.Bg3 Qb6 17.Nxd6 Qxb2 18.Rc2 Qa3 19.Rxc6 Qxa2 20.h3 Bd7 21.Rc5 a5 22.Ng5 h6
23.Ngxf7 Rxf7 24.Nxf7 Kxf7 25.Qf3+  1-0

[Event "22nd Kavala Open 2013"]
[Site "Kavala GRE"]
[Date "2013.08.10"]
[Round "6.8"]
[White "Levushkina,E"]
[Black "Ashwin,J"]
[Result "1/2-1/2"]
[WhiteElo "2315"]
[BlackElo "2478"]

1.e4 c5 2.c3 Nf6 3.e5 Nd5 4.Nf3 e6 5.Bc4 Nc6 6.O-O d6 7.d4 Be7 8.Qe2 O-O
9.Qe4 cxd4 10.cxd4 Bd7 11.exd6 Bxd6 12.Nc3 Ncb4 13.Ne5 Rc8 14.a3 Nxc3 15.bxc3 Nd5
16.Bd2 f5 17.Qe2 Bxe5 18.dxe5 Bc6 19.Ba2 f4 20.f3 Rf5 21.Rfe1 Qe7 22.Qf2 b5
23.a4 Nb6 24.axb5 Bxb5 25.Re4 g5 26.Bb1 Rf7 27.Rb4 Qc5 28.h4 h6 29.Qxc5 Rxc5
30.Ra5 a6 31.Bd3 Nc4 32.Bxc4 Rxc4 33.Rxc4 Bxc4 34.hxg5 hxg5 35.Rc5 Bb5 36.c4 Rd7
37.Ba5 Rd1+ 38.Kh2 Rc1 39.Bd8 g4 40.fxg4 Rxc4 41.Rxc4 Bxc4 42.Bg5 a5 43.Bxf4 a4
44.Bc1 Be2 45.Kg3  1/2-1/2

[Event "10th Malaysian Open"]
[Site "Kuala Lumpur MAS"]
[Date "2013.08.10"]
[Round "2.11"]
[White "Causo,D"]
[Black "Fominyh,A"]
[Result "1/2-1/2"]
[WhiteElo "2280"]
[BlackElo "2450"]

1.e4 c5 2.c3 Nf6 3.e5 Nd5 4.d4 cxd4 5.Nf3 Nc6 6.cxd4 d6 7.Bc4 Nb6 8.Bb5 Bd7
9.exd6 e6 10.O-O Bxd6 11.Nc3 Nb4 12.Ne5 Bxb5 13.Nxb5 O-O 14.Qg4 Be7 15.Bh6 Bf6
16.Nf3 N4d5 17.h4 Nc4 18.b3 Nd6 19.Na3 Rc8 20.Bd2 b5 21.Rac1 Qb6 22.Nc2 Nf5
23.Rfd1 Rfd8 24.Qe4 h5 25.Qe1 Qb7 26.Qe4 Qa6 27.a3 Qb6 28.Qe1 Qb7 29.Qe4 Qe7
30.Nb4 Rxc1 31.Rxc1 Nxb4 32.Bxb4 Qd7 33.Ba5 Rc8 34.Rxc8+ Qxc8 35.Bb4 Qd8
36.Bc5 a6 37.g3 g6 38.Kg2 Kg7 39.Qc6 Nxd4 40.Bxd4 Bxd4 41.Qxa6 Qd5 42.a4 bxa4
43.bxa4 Kf6 44.Qc8 e5 45.a5 Qxa5 46.Qh8+ Ke7 47.Nxd4 exd4  1/2-1/2

[Event "22nd ZMDI Open 2013"]
[Site "Dresden GER"]
[Date "2013.08.11"]
[Round "2.38"]
[White "Rother,M"]
[Black "Schulz,Marcel"]
[Result "1-0"]
[WhiteElo "2136"]
[BlackElo "2046"]

1.e4 c5 2.c3 Nf6 3.e5 Nd5 4.d4 cxd4 5.cxd4 e6 6.Nc3 Nxc3 7.bxc3 Nc6 8.f4 d6
9.Nf3 Qc7 10.Bd2 Bd7 11.Bd3 d5 12.O-O Be7 13.Qe2 Na5 14.h4 Nc4 15.Be1 b5
16.h5 g6 17.Bh4 Bxh4 18.Nxh4 O-O-O 19.Nf3 Bc6 20.h6 Qe7 21.Rfb1 Qf8 22.a4 a6
23.axb5 Bxb5 24.Ng5 Qe7 25.Qa2 Qb7 26.Ne4 dxe4 27.Bxc4 Rd5 28.Bxd5 exd5 29.Qa3 Rd8
30.Qc5+ Kb8 31.Rxa6 Bxa6 32.Rxb7+ Bxb7 33.Qe7 Rc8 34.Qxf7 e3 35.e6  1-0

[Event "III Joao Pessoa IM 2013"]
[Site "Joao Pessoa BRA"]
[Date "2013.08.11"]
[Round "6.5"]
[White "Oliveira,Renato de Araujo"]
[Black "Brito,L"]
[Result "0-1"]
[WhiteElo "2127"]
[BlackElo "2282"]

1.e4 c5 2.c3 Nf6 3.e5 Nd5 4.d4 d6 5.exd6 Qxd6 6.Bc4 Nb6 7.Bb3 cxd4 8.cxd4 Nc6
9.Nf3 e6 10.Nc3 Be7 11.O-O a6 12.Qe2 O-O 13.Rd1 Nb4 14.Ne4 Qd8 15.a3 N4d5
16.Bd2 a5 17.Bc2 Nd7 18.Qd3 N7f6 19.Nxf6+ Nxf6 20.Bg5 g6 21.Ne5 Kg7 22.Qd2 Ng8
23.Be3 f6 24.Nf3 Qd5 25.Bb1 Rd8 26.Ba2 Qh5 27.Rac1 Kh8 28.Qc3 Bd6 29.Bc4 Bd7
30.Be2 Bxh2+ 31.Nxh2 Qxe2 32.Nf3 Rdc8 33.Qb3 Qb5 34.Qa2 Rxc1 35.Rxc1 Rc8
36.Rxc8 Bxc8 37.Qb1 Bd7 38.Qc1 Bc6 39.Ne1 Ne7 40.f3 a4 41.Qd2 Kg7 42.Nd3 Kf7
43.Nb4 Qc4 44.Bf2 g5 45.Qd1 h6 46.Qd2 Bb5 47.Qd1 f5 48.Qe1 Ng6 49.Kh2 h5
50.Qd1 Qe2 51.Qxe2 Bxe2 52.Be3 f4 53.Bd2 Ne7 54.Na2 b5 55.Nc3 Bd3 56.Nd1 Nf5
57.Nf2 Bc2 58.Bc3 Ne3 59.Kg1 Bf5 60.Ba5 Kg6 61.Bb4 h4 62.Ba5 Kh5 63.Be1 g4
64.fxg4+ Bxg4 65.Ne4 Nc4 66.Bc3 f3 67.gxf3 Bxf3 68.Nd2 Nxd2 69.Bxd2 Kg4 70.Kh2 h3
71.Ba5 Bg2 72.Be1 Kf3 73.Kg1 Ke2 74.Bb4 Kd3 75.Bc3 b4 76.Bxb4 Kxd4 77.Bd6 e5
78.Bc7 e4 79.Kf2 e3+ 80.Ke2 Ke4 81.Bh2 Bf3+ 82.Ke1 Bg4 83.Bc7 Kf3 84.Kf1 e2+
85.Ke1 Kg2  0-1

[Event "10th Malaysian Open"]
[Site "Kuala Lumpur MAS"]
[Date "2013.08.11"]
[Round "3.15"]
[White "Yeoh,L"]
[Black "Ramnath,B"]
[Result "1/2-1/2"]
[WhiteElo "2262"]
[BlackElo "2400"]

1.e4 c5 2.c3 Nf6 3.e5 Nd5 4.d4 cxd4 5.cxd4 Nc6 6.Nf3 d6 7.Bc4 e6 8.Qe2 Be7
9.O-O O-O 10.Nc3 dxe5 11.dxe5 Nxc3 12.bxc3 b6 13.Qe4 Qc7 14.Bg5 Bb7 15.Bd3 g6
16.Qh4 Rfe8 17.Rad1 Bf8 18.Bf6 Ne7 19.Ng5 h6 20.Ne4 Bxe4 21.Bxe4 Rad8 22.Qg3 Rxd1
23.Rxd1 Rd8 24.Rxd8 Qxd8 25.h4 Qd1+ 26.Kh2 Nf5 27.Bxf5 exf5  1/2-1/2

[Event "22nd ZMDI Open 2013"]
[Site "Dresden GER"]
[Date "2013.08.12"]
[Round "3.45"]
[White "Schellmann,F"]
[Black "Vrublevskaya,O"]
[Result "0-1"]
[WhiteElo "2121"]
[BlackElo "2176"]

1.e4 c5 2.c3 Nf6 3.e5 Nd5 4.Nf3 Nc6 5.Bc4 Nb6 6.Bb3 c4 7.Bc2 d6 8.exd6 Qxd6
9.O-O Bg4 10.Re1 e6 11.b3 Be7 12.Na3 cxb3 13.axb3 O-O 14.d4 Bh5 15.Be4 Nd5
16.Nb5 Qd7 17.Qd3 Nf6 18.Bxc6 bxc6 19.Ne5 Qb7 20.Na3 c5 21.Nac4 Qxb3 22.Nc6 Qb7
23.Nxe7+ Qxe7 24.Ba3 Nd7 25.Ne5 Rfc8 26.Qg3 Bg6 27.Nxd7 Qxd7 28.Bxc5 a5 29.h4 h5
30.Qg5 Rcb8 31.Re3 Rb2 32.g4 Qd5 33.Qxd5 exd5 34.gxh5 Bxh5 35.Bd6 a4 36.Kg2 Rc2
37.Kg3 Ra6 38.Kg2  0-1

[Event "XXIV Jozefa Kochana Mem"]
[Site "Koszalin POL"]
[Date "2013.08.12"]
[Round "4.14"]
[White "Bilczewski,Kacper"]
[Black "Kubiak,Jakub"]
[Result "0-1"]
[WhiteElo "1807"]
[BlackElo "1531"]

1.e4 c5 2.c3 Nf6 3.e5 Nd5 4.d4 cxd4 5.cxd4 d6 6.Nf3 Nc6 7.Bc4 dxe5 8.dxe5 Be6
9.O-O Nc7 10.Bxe6 Nxe6 11.Qb3 Qc7 12.Nc3 Rd8 13.Nd5 Qb8 14.Re1 g6 15.Ng5 Ncd4
16.Qc4 b5 17.Qd3 Rxd5 18.Nxe6 fxe6 19.Bf4 Bg7 20.Re4 Qd8 21.Qh3 O-O 22.Rae1 Rxf4
23.Rxf4 Ne2+ 24.Rxe2 Rd1+  0-1

[Event "10th Malaysian Open"]
[Site "Kuala Lumpur MAS"]
[Date "2013.08.12"]
[Round "5.15"]
[White "Causo,D"]
[Black "Kunte,A"]
[Result "0-1"]
[WhiteElo "2280"]
[BlackElo "2489"]

1.e4 c5 2.c3 Nf6 3.e5 Nd5 4.d4 cxd4 5.Nf3 d6 6.Qxd4 e6 7.exd6 Qxd6 8.Bb5+ Nc6
9.Ne5 Bd7 10.Bxc6 Bxc6 11.O-O Be7 12.Nxc6 Bf6 13.Qa4 Qxc6 14.Qxc6+ bxc6 15.Nd2 O-O
16.Ne4 Be7 17.c4 Nb4 18.Bd2 Nd3 19.b3 f5 20.Nc3 e5 21.Na4 e4 22.Rab1 Rad8
23.Nb2 Nb4 24.Bxb4 Bxb4 25.Rfd1 Bd2 26.Kf1 f4 27.c5 Bb4 28.Rxd8 Rxd8 29.Rd1 Rxd1+
30.Nxd1 Kf7 31.Ke2 Ke6 32.f3 Bxc5 33.fxe4 Bd4 34.Nf2 Bxf2 35.Kxf2 Ke5 36.Kf3 c5
37.g3 fxg3 38.hxg3 h5 39.Ke3 g5 40.Kd3 a5 41.Ke3 h4 42.gxh4 gxh4 43.Kf3 h3
44.Kg3 Kxe4 45.Kxh3 Kd3 46.Kg3 Kc3  0-1

[Event "XI Miguel Najdorf Open A 2013"]
[Site "Warsaw POL"]
[Date "2013.08.12"]
[Round "8.18"]
[White "Kukawski,M"]
[Black "Liberadzki,S"]
[Result "1/2-1/2"]
[WhiteElo "2317"]
[BlackElo "2088"]

1.e4 c5 2.c3 Nf6 3.e5 Nd5 4.d4 cxd4 5.Nf3 Nc6 6.Bc4 Nb6 7.Bb3 d6 8.exd6 Qxd6
9.Na3 dxc3 10.Qxd6 exd6 11.Nb5 Rb8 12.bxc3 a6 13.Be3 axb5 14.Bxb6 Be7 15.O-O-O Be6
16.Rhe1 Kd7 17.Nd2 Ne5 18.Ne4 Kc6 19.Bd4 Nc4 20.g3 d5 21.Nd2 Ba3+ 22.Kb1 Nb2
23.Bxg7 Rhe8 24.Bc2 Nxd1 25.Rxd1 h5 26.Nb3 Bc5 27.Bd4 b6 28.f3 Bh3 29.Bg1 Bg2
30.Kb2 Re7 31.Nd4+ Bxd4 32.Bxd4 Bxf3 33.Rf1 Be4 34.Bd1 f5 35.Bxh5 Rh7 36.g4 Rg8
37.h3 Kb7 38.Kb3 Ka6 39.a4 bxa4+ 40.Kxa4 Rh6 41.Bf7 fxg4 42.Bxg8 gxh3 43.Be3 Rh8
44.Rf8 h2 45.Ra8+ Kb7 46.Bxd5+ Bxd5 47.Rxh8  1/2-1/2

[Event "6th Maria Albulet"]
[Site "Braila ROU"]
[Date "2013.08.15"]
[Round "7.3"]
[White "Osmak,Iulija"]
[Black "Petrenko,S"]
[Result "1-0"]
[WhiteElo "2203"]
[BlackElo "2182"]

1.e4 c5 2.c3 Nf6 3.e5 Nd5 4.Nf3 e6 5.Bc4 Nb6 6.Bb3 d5 7.d4 c4 8.Bc2 Be7 9.Nbd2 O-O
10.h4 Nc6 11.Bxh7+ Kh8 12.Bb1 f5 13.exf6 Rxf6 14.Ng5 Qe8 15.Qc2 Rh6 16.Ndf3 e5
17.dxe5 Nxe5 18.Nxe5 Bxg5 19.Qe2 Bg4 20.Nxg4 Bxc1 21.Nxh6 Bxb2 22.Nf7+ Kg8
23.Bg6 Bxc3+ 24.Kf1 Qxe2+ 25.Kxe2 Re8+ 26.Kf3 Re6 27.h5 Rf6+ 28.Kg3 Bxa1
29.Rxa1 Nd7 30.Rd1 Nf8 31.Ne5 Nxg6 32.hxg6 Rd6 33.Kf4 b5 34.Ke3 c3 35.Kd3 b4
36.Rh1 Kf8 37.a3 bxa3 38.Kxc3 Ke7 39.Ra1 Kf6 40.Nd3 Ra6 41.Nc5 Rc6 42.Kd4 Kxg6
43.Rxa3 Rc7 44.Kxd5 Rf7 45.Rg3+ Kh7 46.Ne4 Re7 47.Kd4 g6 48.Ra3 Kg7 49.Ra6 Rf7
50.Ke3 Kh6 51.f3 Rb7 52.Kf4 Rf7+ 53.Kg4 Rb7 54.g3 Re7 55.Ng5 Rb7 56.f4 Rd7
57.Nf3  1-0

[Event "22nd ZMDI Open 2013"]
[Site "Dresden GER"]
[Date "2013.08.15"]
[Round "6.17"]
[White "Budzyn,M"]
[Black "Osmanodja,F"]
[Result "1-0"]
[WhiteElo "2167"]
[BlackElo "2290"]

1.e4 c5 2.c3 Nf6 3.e5 Nd5 4.Nf3 e6 5.Bc4 d6 6.d4 cxd4 7.cxd4 Nb6 8.Bd3 Nc6
9.O-O Nb4 10.Bb5+ Bd7 11.Nc3 Bxb5 12.Nxb5 Qd7 13.Nc3 d5 14.a3 Nc6 15.b3 Be7
16.Qd3 h6 17.Be3 O-O-O 18.Nd2 f6 19.exf6 gxf6 20.Rfb1 e5 21.Na4 Nxa4 22.bxa4 e4
23.Qb5 Bd6 24.Nb3 a6 25.Qe2 f5 26.Nc5 Bxc5 27.dxc5 d4 28.Bf4 d3 29.Qb2 Rh7
30.Qd2 Qd5 31.Rb6 Rdd7 32.Rab1 Rhg7 33.Bg3 h5 34.Qf4 Rxg3 35.hxg3 d2 36.Rd1 Ne5
37.Rd6 Rxd6 38.cxd6 Nc4 39.Qh6 Kb8 40.Qf8+ Ka7 41.d7 e3 42.d8=Q Qxd8 43.Qxd8 e2
44.Qd4+ Kb8 45.Qxd2 Nxd2 46.Re1 Ne4 47.Rxe2 Kc7 48.Kf1 Kd6 49.Rb2 Kc6 50.a5 Nd6
51.Rb6+ Kc5 52.Ke2 Kd5 53.Kf3 Ke5 54.Rxd6 Kxd6 55.Kf4 Ke6 56.Kg5 Ke5 57.f3 Ke6
58.f4  1-0

[Event "6th Maria Albulet"]
[Site "Braila ROU"]
[Date "2013.08.17"]
[Round "10.2"]
[White "Osmak,Iulija"]
[Black "Sandu,Mi"]
[Result "1/2-1/2"]
[WhiteElo "2203"]
[BlackElo "2254"]

1.e4 c5 2.c3 Nf6 3.e5 Nd5 4.Nf3 e6 5.Bc4 d6 6.d4 cxd4 7.cxd4 Nc6 8.O-O Be7
9.exd6 Qxd6 10.Nc3 O-O 11.Re1 a6 12.Bb3 Nf6 13.Be3 Rd8 14.Qe2 b5 15.Rad1 Na5
16.Bc2 Nc4 17.Bc1 Bb7 18.a4 Qb6 19.Ne5 Nxe5 20.dxe5 Qc6 21.f3 Qc5+ 22.Kh1 Nd5
23.Nxd5 Bxd5 24.Be3 Qc7 25.Bf4 bxa4 26.Bxa4 Qb6 27.Be3 Qa5 28.Bc2 Qc7 29.Bd4 g6
30.Bc3 a5 31.Ba4 Bb4 32.Rc1 Qb6 33.Red1 Rac8 34.Bd4 Bc5 35.Bc3 Bb4 36.Bd4 Bc5
37.Bc3 Bb4 38.Bd4 Bc5  1/2-1/2

[Event "12th Lichtenberger Sommer"]
[Site "Berlin GER"]
[Date "2013.08.18"]
[Round "2.24"]
[White "Batzaya,A"]
[Black "Rehberg,R"]
[Result "0-1"]
[WhiteElo "1952"]
[BlackElo "2151"]

1.e4 c5 2.c3 Nf6 3.e5 Nd5 4.Qf3 e6 5.d4 cxd4 6.cxd4 Nc6 7.Qg4 Qa5+ 8.Bd2 Qb6
9.Nc3 Ndb4 10.O-O-O Qxd4 11.Qxd4 Nxd4 12.Be1 Nbc6 13.Ne4 Be7 14.f4 O-O 15.Bf2 Nf5
16.g4 Nh6 17.Be2 f5 18.exf6 gxf6 19.Nd6 Nf7 20.Bc5 b6 21.Ba3 Nxd6 22.Bxd6 Kf7
23.Nf3 Nb4 24.g5 Bxd6 25.Rxd6 Nd5 26.gxf6 Kxf6 27.Bc4 Ke7 28.Bxd5 Rb8 29.Bxe6 Kxd6
30.Bb3 Rxf4 31.Ng5 Bb7 32.Rd1+ Ke7 33.Re1+ Kd8 34.Nxh7 Rc8+ 35.Kd1 Rd4+ 36.Ke2 Re4+
37.Kf2 Rxe1 38.Kxe1 Ke7 39.h4 Rh8 40.Bc2 Bd5  0-1

[Event "21st Troya Open 2013"]
[Site "Canakkale TUR"]
[Date "2013.08.18"]
[Round "3.13"]
[White "Uysal,U"]
[Black "Salepci,O"]
[Result "1/2-1/2"]
[WhiteElo "1620"]
[BlackElo "2130"]

1.e4 c5 2.c3 Nf6 3.e5 Nd5 4.d4 cxd4 5.cxd4 e6 6.Nf3 Nc6 7.a3 d6 8.Bc4 Be7
9.O-O O-O 10.Re1 Bd7 11.Nbd2 Nb6 12.Bd3 d5 13.b4 Rc8 14.Nb3 Nc4 15.Qe2 b5
16.Nc5 a5 17.Bd2 Ra8 18.Reb1 a4 19.Bc1 Re8 20.Qc2 h6 21.Be3 f5 22.h3 Bxc5
23.bxc5 N6a5 24.Rb4 Rf8 25.g3 Be8 26.Nd2 Kh8 27.Qd1 g5 28.Qf3 Nxd2 29.Bxd2 Nc6
30.g4 Nxb4 31.Bxb4 Bc6 32.gxf5 exf5 33.Qe2 Qe8 34.e6 Rf6 35.Re1 Kg8 36.Qe5 Qe7
37.Qd6 Qb7 38.Qe5 Qe7 39.Qd6 Qb7 40.Qe5  1/2-1/2

[Event "6th Jessie Gilbert Open 2013"]
[Site "Coulsdon ENG"]
[Date "2013.08.18"]
[Round "2"]
[White "Starostits,I"]
[Black "Jones,W"]
[Result "1-0"]
[WhiteElo "2475"]
[BlackElo "2122"]

1.e4 c5 2.c3 Nf6 3.e5 Nd5 4.Nf3 Nc6 5.Bc4 e6 6.O-O d6 7.d4 cxd4 8.cxd4 Be7
9.Qe2 O-O 10.a3 Bd7 11.Rd1 Rc8 12.Ba2 a6 13.Qe4 Na5 14.Nc3 Nxc3 15.bxc3 Ba4
16.Re1 Nb3 17.exd6 Qxd6 18.Bf4 Qd8 19.d5 Nxa1 20.Qxa4 exd5 21.Be5 Bf6 22.Rxa1 Bxe5
23.Nxe5 Rxc3 24.Rd1 Qd6 25.Qf4 Rxa3 26.Bb1 f6 27.Ng6 Qxf4 28.Nxf4 Rd8 29.h4 Ra4
30.g3 Rd6 31.Bc2 Rb4 32.Nxd5 Rb2 33.Ne7+ Kf7 34.Rxd6 Kxe7 35.Rd2 b5 36.Kf1 h6
37.Ke2 a5 38.Bf5 Rxd2+ 39.Kxd2 Kd6 40.Kd3 Kc5 41.Kc3 Kd5 42.Bd7 Kc5 43.h5 a4
44.Be8 b4+ 45.Kd3 a3 46.Bf7 Kb5 47.Bb3 Kc5 48.Ke4  1-0

[Event "22nd Feffernitz Open 2013"]
[Site "Feffernitz GER"]
[Date "2013.08.19"]
[Round "3.8"]
[White "Koefeler,C"]
[Black "Mazi,L"]
[Result "0-1"]
[WhiteElo "2015"]
[BlackElo "2368"]

1.e4 c5 2.c3 Nf6 3.e5 Nd5 4.Nf3 Nc6 5.Bc4 Nb6 6.Bb3 c4 7.Bc2 Qc7 8.Qe2 g5
9.e6 dxe6 10.Nxg5 Qe5 11.d4 cxd3 12.Bxd3 Qxe2+ 13.Bxe2 Bg7 14.Na3 Nd5 15.Bd2 b6
16.O-O Bb7 17.Rad1 h6 18.Nf3 O-O-O 19.Nc2 e5 20.Nh4 e6 21.c4 Nf4 22.Bxf4 exf4
23.b3 Rhg8 24.Bh5 Ne5 25.Nd4 Bf6 26.Nhf3 Rg7 27.Rfe1 Nxf3+ 28.Bxf3 Bxf3 29.Nxf3 Rdg8
30.g3 fxg3 31.hxg3 h5 32.Re4 Rg4 33.Rde1 h4 34.Kg2 hxg3 35.fxg3 Rxg3+ 36.Kf2 Rg2+  0-1

[Event "12th Lichtenberger Sommer"]
[Site "Berlin GER"]
[Date "2013.08.20"]
[Round "4.61"]
[White "Wierzbicki,Jirawat"]
[Black "Richter,Go"]
[Result "0-1"]
[WhiteElo "1725"]
[BlackElo "2003"]

1.e4 c5 2.c3 Nf6 3.e5 Nd5 4.Nf3 Nc6 5.d4 cxd4 6.cxd4 d6 7.Bc4 Nb6 8.Bb5 dxe5
9.Nxe5 Bd7 10.Nxd7 Qxd7 11.Nc3 e6 12.O-O Be7 13.Qg4 g6 14.Bh6 Rc8 15.Rfd1 Nd5
16.Qf3 Bf8 17.Bxf8 Rxf8 18.Nxd5 Qxd5 19.Qxd5 exd5 20.Rac1 Kd7 21.Re1 Kd6
22.Bxc6 Rxc6 23.Rxc6+ bxc6 24.b4 a5 25.bxa5 Ra8 26.f3 Rxa5 27.Re2 Ra4 28.Rd2 c5
29.dxc5+ Kxc5 30.Kf2 d4 31.Ke2 h5 32.Rc2+ Kd5 33.Kd3 h4 34.Rb2 Ra3+ 35.Ke2 Re3+
36.Kf2 Kc4 37.Re2 Rc3 38.Rd2 Rc1 39.Ke2 Rc3 40.Rb2 Re3+ 41.Kd2 h3 42.gxh3 Rxf3
43.Rc2+ Kd5 44.Rb2 Rxh3 45.Kd1 Ke4 46.Re2+ Kd5 47.Kd2 Ra3 48.Kd1 f5 49.Rg2 Ke4
50.Rxg6 Rxa2 51.h4 Rh2 52.Rh6 Ke3 53.h5 Rh1+ 54.Kc2 d3+ 55.Kc3 Rc1+  0-1

[Event "33rd Bratto Open"]
[Site "Bratto ITA"]
[Date "2013.08.20"]
[Round "4.3"]
[White "Janev,E"]
[Black "David,Alb"]
[Result "0-1"]
[WhiteElo "2451"]
[BlackElo "2589"]

1.e4 c5 2.c3 Nf6 3.e5 Nd5 4.Nf3 e6 5.d4 cxd4 6.cxd4 d6 7.a3 Bd7 8.Bd3 Bc6
9.O-O Nd7 10.b4 a6 11.Re1 Rc8 12.Ng5 dxe5 13.dxe5 Be7 14.Qh5 g6 15.Qh6 Bf8
16.Qh3 Bg7 17.Qg3 Ne7 18.Bb2 O-O 19.Nd2 h6 20.Nh3 Nb6 21.Nb3 Na4 22.Bd4 Bd5
23.Nc5 Nc6 24.Nxa4 Nxd4 25.Nf4 Bc6 26.Nc5 Qg5 27.Rad1 Rfd8 28.Bc4 Kh7 29.Rd3 Nc2
30.Rc1 Rxd3 31.Bxd3 Nxa3 32.Ne4 Qxg3 33.hxg3 Bxe5 34.Nc5 Bb2 35.Rd1 Bc3 36.Be4 Bxb4
37.Bxc6 Rxc6 38.Ne4 Kg7 39.Rd7 Nc4 40.g4 b5 41.g5 Ne5 42.Rb7 Ba5 43.gxh6+ Kxh6
44.g4 Rc7 45.g5+ Kg7 46.Rb8 Rc4  0-1

[Event "22nd Feffernitz Open 2013"]
[Site "Feffernitz GER"]
[Date "2013.08.20"]
[Round "4.12"]
[White "Arztmann,Nils"]
[Black "Pacher,S"]
[Result "1-0"]
[WhiteElo "1877"]
[BlackElo "2056"]

1.e4 c5 2.c3 Nf6 3.e5 Nd5 4.Nf3 g6 5.Bc4 Nb6 6.Bb3 Bg7 7.d4 cxd4 8.cxd4 Nc6
9.O-O O-O 10.Bf4 Na5 11.Nc3 d6 12.exd6 Bg4 13.Nb5 Nbc4 14.dxe7 Qxe7 15.Bxc4 Nxc4
16.b3 Qe4 17.Qc1 Nb6 18.Ne5 Nd5 19.Bg3 Rac8 20.Qa3 Bxe5 21.dxe5 Nf4 22.Bxf4 Qxf4
23.Nd6 Rc2 24.Qxa7 Qxe5 25.Nc4 Qg5 26.Ne3 Bf3 27.Kh1 Bc6 28.Qd4 Ra8 29.h4 Qc5
30.Nxc2 Qxc2 31.Rfc1 Qf5 32.Rc3 Rxa2 33.Rxa2 Qb1+ 34.Kh2 Qxa2 35.Qf6 Qe2
36.Re3 Qf1 37.Rg3 Qb5 38.Qg5 Qb6 39.Re3 Qc7+ 40.Qg3 Qd8 41.Rd3 Qe7 42.Qg5 f6
43.Qf4 Kf7 44.Qd6 Qxd6+ 45.Rxd6 Ke7 46.Rd2 f5 47.Kg3 h6 48.f4 Be4 49.Kf2 Ke6
50.Ke3 Bd5 51.b4 b5 52.Kd4 Kd6 53.g3 Bc4 54.Rc2 Bf1 55.Rc8 Bc4 56.Rxc4 bxc4
57.Kxc4  1-0

[Event "6th Jessie Gilbert Open 2013"]
[Site "Coulsdon ENG"]
[Date "2013.08.21"]
[Round "6"]
[White "Starostits,I"]
[Black "Snape,I"]
[Result "1-0"]
[WhiteElo "2475"]
[BlackElo "2207"]

1.e4 c5 2.c3 Nf6 3.e5 Nd5 4.Bc4 e6 5.d4 cxd4 6.cxd4 d6 7.Nf3 Nc6 8.O-O Be7
9.a3 O-O 10.Qe2 Bd7 11.Bd3 f5 12.exf6 Bxf6 13.Nc3 Nxc3 14.bxc3 Qa5 15.Rb1 Nd8
16.Nd2 Qxc3 17.Ne4 Qc7 18.d5 exd5 19.Nxf6+ Rxf6 20.Qh5 Bf5 21.Bxf5 g6 22.Bxg6 hxg6
23.Qh4 Rf5 24.Re1 Nc6 25.Re6 Rf7 26.Rxg6+ Rg7 27.Rh6 Rc8 28.Rh8+ Kf7 29.Qh5+ Kf6
30.Rh6+ Ke7 31.Bg5+ Kf8 32.Rh8+ Rg8 33.Bh6+ Ke7 34.Rh7+  1-0